000 01072nac a22003497a 4500
001 BR9510010
003 BR-BrBNA
005 20240105121727.0
008 230509b bl.|||m| |||| 00| 0 por d
040 _aBR-BrBNA
_bpor
_cBiblioteca Nacional de Agricultura
072 _aF04; H10; H20
090 _a1030 BR9510010
100 1 _aCoelho, Y. da S.
100 1 _aCunha Sobrinho, A.P. da
100 1 _aMagalhaes, A.F. de J.
100 1 _aPassos, O.S.
100 1 _aNascimento, A.S. do
100 1 _aSantos Filho, H.P.
100 1 _aSoares Filho, W. dos S.
110 1 _aEmpresa Brasileira de Pesquisa Agropecuaria, Brasilia, DF (Brasil). Servico de Producao de Informacao
_93866
245 1 _aA cultura do limao "Tahiti"
260 3 _aBrasilia, DF (Brasil):
_c1994.
300 _a77 p.
490 _aColecao Plantar (Brazil)
_vno. 18
_x
500 _a10 illus.
650 _aLimao Taiti
650 _aAdubacao
650 _aDoenca de Planta
650 _aPraga de Planta
909 _a202312
_bLúcia Elande
_c55
_dLúcia Elande
942 _2AGRIS
_n0
_cMS
999 _c287077
_d287077